Formalismo y vanguardia

Shranjeno v:
Bibliografske podrobnosti
Glavni avtor: Tynianov
Format: Knjiga
Jezik:Undetermined
Izdano: Madrid, España Alberto Corazón 1973
Teme:
Oznake: Označite
Brez oznak, prvi označite!

MARC

LEADER 00000nam a2200000Ia 4500
008 170316s9999 xx 000 0 und d
090 |a 801 T-18f 
100 |a Tynianov 
245 |a Formalismo y vanguardia 
260 |a Madrid, España 
260 |b Alberto Corazón 
260 |c 1973 
300 |a 171 páginas 
650 |a TEORÍA LITERARIA 
999 |c 20701  |d 20701 
040 |a cru BVZT 
942 |c 15 D  |h 801 T-18f  |2 z